| 000 | 00775nam0a22002411 4500 | ||
|---|---|---|---|
| 001 | rc\3925419 | ||
| 005 | 20250610125758.0 | ||
| 035 | _a(NLR Aleph) 007914254 | ||
| 090 |
_a8116887 _c8116887 |
||
| 100 | _a20130415d1948 |||y0rusy50 ca | ||
| 101 | 0 | _arus | |
| 102 | _aRU | ||
| 105 | _ay z ||||| | ||
| 200 | 1 | _aТеория авиационных гировертикалей | |
| 210 |
_aМосква _cБНТ _d1948 |
||
| 300 | _aИст.: Д.С. Пельпор. Теория гироскопич. стабилизаторов. М., 1965 | ||
| 700 | 1 |
_aБромберг _bП.В. _gПавел Владимирович |
|
| 701 | 1 |
_aПельпор _bД.С. |
|
| 801 | 0 |
_aRU _bNLR _gpsbo |
|
| 801 | 1 |
_aRU _bELAR _2rusmarc |
|
| 852 |
_aNLR _jDesideratum |
||
| 942 | _cBOOK | ||
| 980 | _aNB | ||